000 00746nam a22002172 4500
001 0000025325
005 20151217161601.0
008 150623s xx 000 0 eng d
040 _aKABU
_cKABU
100 1 _aKomen, Alfred Kiprotich.
_@0000185931
245 1 3 _aAn assessment of challenges affecting the competitiveness of small and medium sized enterprises in Baringa county.
260 _aNakuru :
_bKabarak University,
_c2014.
300 _ax, 46 p.
650 0 _aSmall business
_zKenya.
_@0000151194
650 0 _aCompetition
_zKenya.
_@0000157480
700 1 _aWaiganjo, Maina.
_@0000185896
700 1 _aKiprop, Symon K.
_@0000185932
908 _a150623
950 _@1
999 _c15473
_d15473